| 000 | 003050000a22000970004500 | ||
|---|---|---|---|
| 100 | 1 | _aRosas, Yolanda | |
| 245 | 1 | 0 | _aLas niñas y adolescentes trabajadoras y la realidad de la violencia social y familiar |
| 300 | _aVol. 17, Num 1 (Junio, 1997), Páginas 67-74 | ||
| 773 | 0 | _tVida y pensamiento | |
| 942 | _cANA | ||
| 999 |
_c53072 _d53072 |
||